=LDR 00000nam 2200000 4500 =001 INLIS000000000025398 =005 20130612123918 =008 ***********************************Ind** =035 ##$$0010-061300000025398 =041 ##$$a Ind =082 ##$$a 2X3.2 =090 ##$$a 2X3, Rah r =100 ##$$a Rohim, Khoirur =245 ##$$a Kenikmatan surga dan calon penghuninya, Khoirur Rohim =260 ##$$a 2007 $b Surabaya =300 ##$$a 80 hlm, 18 cm =650 ##$$a Surga =850 ##$$a NBPNMAT